Statistics for Countries that Have Defaulted on their Debt

Click here to take the quiz!

General Stats

  • This quiz has been taken 29 times
  • The average score is 62 of 94

Answer Stats

Year(s)Answer% Correct
1826, 1848, 1860, 1865, 1892, 1898, 1982, 1990, 1995, 1998, 2004, 2017Venezuela
92%
1827, 1890, 1982, 1988, 2001, 2005, 2014, 2020Argentina
88%
1826, 1843, 1860, 1893, 1932, 2012, 2015Greece
88%
1557, 1575, 1596, 1607, 1627, 1647, 1652, 1662, 1666, 1809, 1820, 1831, 1834, 1851, 1867, 1872, 1882, 1936Spain
88%
1822, 1834, 1888United Kingdom
88%
1898, 1902, 1914, 1931, 1937, 1961, 1964, 1983, 1986, 1990Brazil
85%
1826, 1880, 1931, 1961, 1963, 1966, 1972, 1974, 1983Chile
85%
1828,1876, 1894, 1899, 1921, 1932, 1938, 1981El Salvador
85%
1932, 1939, 1948Germany
85%
1874, 1892, 1920, 1932, 1986, 2003Paraguay
85%
1926, 1850, 1876, 1931, 1969, 1976, 1978, 1980, 1984Peru
85%
1839, 1885, 1918, 1998, 2022Russia
85%
1876, 1891, 1915, 1933, 1937, 1983, 1987, 1990Uruguay
85%
1875, 1927, 1931, 1980, 1986, 1989Bolivia
81%
1921, 1932, 1939China
81%
1872, 1892, 1897, 1899, 1931, 1975, 2005Dominican Republic
81%
1788, 1797France
81%
1990, 1992Iran
81%
1942, 1946Japan
81%
1936, 1981Poland
81%
1931, 1940, 1978, 1982Turkey
81%
1780, 1790, 1798, 1862United States
81%
1931Australia
77%
1826, 1850, 1873, 1880, 1900, 1932, 1935Colombia
77%
1826, 1868, 1894, 1906, 1909, 1914, 1929, 1982, 1984, 2000, 2008, 2020Ecuador
77%
1876, 1984Egypt
77%
1933, 1986, 1989Guatemala
77%
1932, 1941Hungary
77%
1827, 1833, 1844, 1850, 1866, 1898, 1914, 1928, 1982Mexico
77%
1933Romania
77%
1990Albania
73%
1796, 1802, 1811, 1816, 1945Austria
73%
1868Austria-Hungary
73%
1828, 1873, 1981Honduras
73%
1966Indonesia
73%
1994, 2000Kenya
73%
1814Netherlands
73%
1982, 1986, 1992, 2001, 2004Nigeria
73%
1828, 1837, 1841, 1845, 1852, 1890Portugal
73%
1985, 1989, 1993South Africa
73%
2001Suriname
73%
1812Sweden
73%
1997Thailand
73%
1998Ukraine
73%
1979Zaire
73%
1991Algeria
69%
1932, 1990Bulgaria
69%
1828, 1874, 1895, 1901, 1932, 1962, 1981, 1983, 1984Costa Rica
69%
1993Croatia
69%
1813Denmark
69%
1982Guyana
69%
1828, 1894, 1911, 1915, 1932, 1979Nicaragua
69%
1932, 1983, 1987, 1988Panama
69%
1983Philippines
69%
1983, 1994, 2000Morocco
65%
1984, 1987, 2002Myanmar
65%
1975North Korea
65%
2022Sri Lanka
65%
1975Vietnam
65%
1976, 1985, 1992Angola
62%
1979, 1982Ghana
62%
2020Lebanon
62%
1947, 1957, 1991Soviet Union
62%
1867, 1986Tunisia
62%
2004Cameroon
58%
1983, 2000, 2011Côte d'Ivoire
58%
1978Jamaica
58%
1989Jordan
58%
1997Mongolia
58%
1980Mozambique
58%
1965Rhodesia
58%
1983Yugoslavia
58%
1983Zambia
58%
2000, 2006Zimbabwe
58%
2018Barbados
54%
1981, 1983Central African Republic
54%
2004Grenada
54%
1989Liberia
54%
2002Madagascar
54%
1995Rwanda
54%
1991Sudan
54%
2003Dominica
50%
1997Sierra Leone
50%
1999Gabon
46%
1990Kuwait
46%
1989Trinidad and Tobago
46%
1998Antigua and Barbuda
42%
1995Solomon Islands
35%
1876, 1915Ottoman Empire
31%
1807, 1813Prussia
15%
1814Hesse
8%
1842Texas
8%
1850Schleswig-Holstein
4%
1812Westphalia
4%

Score Distribution

Percentile by Number Answered

Percent of People with Each Score

Your Score History

You have not taken this quiz